Týždeň čo týždeň

Bibliographic Details
Other Authors: Kozák, Jozef (Compiler)
Format: Book
Language:Slovak
PhysicalDescription:87 s. fotogr. 18 cm
Published: Prešov Vydavateľstvo Kušnír [2008]
ISBN:9788097005030 (brož.)
Edition:2. vyd.
Subjects:

MARC

LEADER 00000nam a2200000 a 4500
001 vtls009469410
003 SK-MaSNL
005 20260331204920.0
008 090205s2008 xo o g 000 0 slo
015 |a SNBA2009/05-02159 
020 |a 9788097005030 (brož.) 
040 |a SNK  |b slo  |c SNK  |e AACR2 
041 0 |a slo 
044 |a xo  |c SK 
072 7 |a 27-4  |x Praktická teológia. Morálna teológia  |2 konspekt 
072 7 |a 316.7  |x Sociológia kultúry. Kultúrny život  |2 konspekt 
080 |a 27-4  |2 2001 
080 |a 27-584  |2 2001 
080 |a 316.728  |2 2001 
080 |a (0:82-4)  |2 2001 
080 |a (0:82-32)  |2 2001 
100 1 |a Kozák, Jozef  |4 com  |9 289976 
245 1 0 |a Týždeň čo týždeň  |c Jozef Kozák 
250 |a 2. vyd. 
260 |a Prešov  |b Vydavateľstvo Kušnír  |c [2008] 
300 |a 87 s.  |b fotogr.  |c 18 cm 
650 0 7 |a kresťanský život  |2 SNKPH  |9 1808 
650 0 7 |a duchovný život  |2 SNKPH  |9 1807 
650 0 7 |a každodenný život  |2 SNKPH  |9 4946 
655 7 |a úvahy  |2 SNKPH  |9 29403 
655 7 |a príbehy  |2 SNKPH  |9 70507 
919 |a 978-80-970050-3-0 
958 |a NT 
958 |a LX 
968 |d 2 
999 |c 915749  |d 917679 
952 |a SNK  |b SNK  |y PREZ  |7 0  |p 17A0610137  |o snkSD 77984  |i snk2009/1778  |8 0  |0 0  |1 0  |4 0  |d 2009-02-05  |l 0  |r 2025-11-25 00:00:00  |w 2026-02-24 
952 |a SNK  |b SNK  |y VYP  |7 0  |p 17A0610138  |o snkSD 77984 D1  |i snk2009/1779  |8 0  |0 0  |1 0  |4 0  |d 2009-02-05  |l 0  |r 2017-06-30 00:00:00  |w 2026-02-24